<?xml version="1.0" encoding="UTF-8"?>
<record
    xmlns:xsi="http://www.w3.org/2001/XMLSchema-instance"
    xsi:schemaLocation="http://www.loc.gov/MARC21/slim http://www.loc.gov/standards/marcxml/schema/MARC21slim.xsd"
    xmlns="http://www.loc.gov/MARC21/slim">

  <leader>04005njm a2200601Ia 4500</leader>
  <controlfield tag="001">32946</controlfield>
  <controlfield tag="003">IT-RoPAU</controlfield>
  <controlfield tag="005">20220918181120.0</controlfield>
  <controlfield tag="008">131025s9999    xx            000 0 und d</controlfield>
  <datafield tag="040" ind1=" " ind2=" ">
    <subfield code="a">IT-RoPAU</subfield>
  </datafield>
  <datafield tag="040" ind1=" " ind2=" ">
    <subfield code="c">IT-RoPAU</subfield>
  </datafield>
  <datafield tag="041" ind1=" " ind2=" ">
    <subfield code="a">ITALIANO</subfield>
  </datafield>
  <datafield tag="999" ind1=" " ind2=" ">
    <subfield code="c">99689</subfield>
    <subfield code="d">99689</subfield>
  </datafield>
  <datafield tag="999" ind1=" " ind2=" ">
    <subfield code="b">n.d.</subfield>
  </datafield>
  <datafield tag="100" ind1=" " ind2=" ">
    <subfield code="a">AA.VV.</subfield>
    <subfield code="9">794</subfield>
  </datafield>
  <datafield tag="100" ind1=" " ind2=" ">
    <subfield code="e">Autore musica</subfield>
    <subfield code="9">18901</subfield>
  </datafield>
  <datafield tag="100" ind1=" " ind2=" ">
    <subfield code="g">Codice autore musica SPICS: 12000</subfield>
    <subfield code="9">796</subfield>
  </datafield>
  <datafield tag="245" ind1=" " ind2=" ">
    <subfield code="a">Motivi dell'allegria (I) vol. 5</subfield>
  </datafield>
  <datafield tag="250" ind1=" " ind2=" ">
    <subfield code="a">1a ed.</subfield>
  </datafield>
  <datafield tag="260" ind1=" " ind2=" ">
    <subfield code="a">MILANO</subfield>
  </datafield>
  <datafield tag="260" ind1=" " ind2=" ">
    <subfield code="b">COMBO RECORD</subfield>
    <subfield code="c">1970 [1a Ed.:1970]</subfield>
  </datafield>
  <datafield tag="300" ind1=" " ind2=" ">
    <subfield code="a">DISCO</subfield>
  </datafield>
  <datafield tag="500" ind1=" " ind2=" ">
    <subfield code="a">Musica folk, popolare.</subfield>
  </datafield>
  <datafield tag="505" ind1=" " ind2=" ">
    <subfield code="a">Passa la ronda - Argentina- Wonderful Copenhagen - Marina - Ferriera - La luna nel rio  - Quel motivetto che mi piace tanto - Olandesina - Ciondolo d'oro - Fox trot della nostalgia - Chitarra romana - Canta Pierrot - Pippo non lo sa</subfield>
  </datafield>
  <datafield tag="511" ind1=" " ind2=" ">
    <subfield code="a">Cantano Adriano Valle e Gabriella Piccinini con Rocco Bandera e suo fratello</subfield>
  </datafield>
  <datafield tag="511" ind1=" " ind2=" ">
    <subfield code="a">Cantano;  Adriano Valle - Gabriella Piccinini con Rocco Bandera e suo fratello e coro Moderato</subfield>
  </datafield>
  <datafield tag="511" ind1=" " ind2=" ">
    <subfield code="a">Cantano Adriano Valle e Gabriella Piccinini con Rocco Bandera e suo fratello e coro Tango</subfield>
  </datafield>
  <datafield tag="511" ind1=" " ind2=" ">
    <subfield code="a">Cantano Adriano Valle e Gabriella Piccinini con Rocco Bandera e suo fratello e coro Valzer</subfield>
  </datafield>
  <datafield tag="511" ind1=" " ind2=" ">
    <subfield code="a">Cantano Adriano Valle e Gabriella Piccinini con Rocco Bandera e suo fratello e coro Ritmo allegro</subfield>
  </datafield>
  <datafield tag="650" ind1=" " ind2=" ">
    <subfield code="a">FOLK-POPOLARE [DISCHI]</subfield>
    <subfield code="e">Codice MATERIA SPICS: 9950</subfield>
    <subfield code="9">11487</subfield>
  </datafield>
  <datafield tag="700" ind1=" " ind2=" ">
    <subfield code="a">Barzizza Pippo</subfield>
    <subfield code="d">Codice autore musica SPICS: 13368</subfield>
    <subfield code="e">Autore musica</subfield>
    <subfield code="p">La canzone del boscaiolo</subfield>
    <subfield code="9">18902</subfield>
  </datafield>
  <datafield tag="700" ind1=" " ind2=" ">
    <subfield code="a">Morbelli Riccardo</subfield>
    <subfield code="d">Codice autore testo/musica SPICS: 13446</subfield>
    <subfield code="e">Autore testo/musica</subfield>
    <subfield code="p">La canzone del boscaiolo</subfield>
    <subfield code="9">18903</subfield>
  </datafield>
  <datafield tag="700" ind1=" " ind2=" ">
    <subfield code="a">Tagliapezzi</subfield>
    <subfield code="d">Codice autore musica SPICS: 28400</subfield>
    <subfield code="e">Autore musica</subfield>
    <subfield code="p">Passa la ronda</subfield>
    <subfield code="9">18904</subfield>
  </datafield>
  <datafield tag="700" ind1=" " ind2=" ">
    <subfield code="a">Gentili E.</subfield>
    <subfield code="d">Codice autore testo/musica SPICS: 6179</subfield>
    <subfield code="e">Autore testo/musica</subfield>
    <subfield code="p">Passa la ronda</subfield>
    <subfield code="9">18905</subfield>
  </datafield>
  <datafield tag="700" ind1=" " ind2=" ">
    <subfield code="a">Raimondi Franca</subfield>
    <subfield code="d">Codice autore musica SPICS: 13651</subfield>
    <subfield code="e">Autore musica</subfield>
    <subfield code="p">Argentina</subfield>
    <subfield code="9">18906</subfield>
  </datafield>
  <datafield tag="700" ind1=" " ind2=" ">
    <subfield code="a">Loesser Frank</subfield>
    <subfield code="d">Codice autore testo/musica SPICS: 15672</subfield>
    <subfield code="e">Autore testo/musica</subfield>
    <subfield code="p">Wonderful Copenhagen</subfield>
    <subfield code="9">18907</subfield>
  </datafield>
  <datafield tag="700" ind1=" " ind2=" ">
    <subfield code="a">Granata Rocco</subfield>
    <subfield code="d">Codice autore testo/musica SPICS: 14040</subfield>
    <subfield code="e">Autore testo/musica</subfield>
    <subfield code="p">Marina</subfield>
    <subfield code="9">18908</subfield>
  </datafield>
  <datafield tag="700" ind1=" " ind2=" ">
    <subfield code="a">Cherubini Bixio</subfield>
    <subfield code="d">Codice autore testo/musica SPICS: 13442</subfield>
    <subfield code="e">Autore testo/musica</subfield>
    <subfield code="p">Ferriera - Ciondolo d'oro - Fox trot della nostalgia</subfield>
    <subfield code="9">18909</subfield>
  </datafield>
  <datafield tag="700" ind1=" " ind2=" ">
    <subfield code="a">Marshall</subfield>
    <subfield code="d">Codice autore musica SPICS: 28401</subfield>
    <subfield code="e">Autore musica</subfield>
    <subfield code="p">La luna nel rio</subfield>
    <subfield code="9">18910</subfield>
  </datafield>
  <datafield tag="700" ind1=" " ind2=" ">
    <subfield code="a">Panzeri Mario</subfield>
    <subfield code="d">Codice autore SPICS: 13372</subfield>
    <subfield code="e">Autore</subfield>
    <subfield code="p">La luna nel rio - Pippo non lo sa</subfield>
    <subfield code="9">18911</subfield>
  </datafield>
  <datafield tag="700" ind1=" " ind2=" ">
    <subfield code="a">Testoni Giancarlo</subfield>
    <subfield code="d">Codice autore testo/musica SPICS: 13524</subfield>
    <subfield code="e">Autore testo/musica</subfield>
    <subfield code="p">La luna nel rio</subfield>
    <subfield code="9">18912</subfield>
  </datafield>
  <datafield tag="700" ind1=" " ind2=" ">
    <subfield code="a">Caslar (Casolaro) Dan (Donato)</subfield>
    <subfield code="d">Codice autore musica SPICS: 13369</subfield>
    <subfield code="e">Autore musica</subfield>
    <subfield code="p">Quel motivetto che mi piace tanto</subfield>
    <subfield code="9">18913</subfield>
  </datafield>
  <datafield tag="700" ind1=" " ind2=" ">
    <subfield code="a">Galdieri Michele</subfield>
    <subfield code="d">Codice autore testo/musica SPICS: 13370</subfield>
    <subfield code="e">Autore testo/musica</subfield>
    <subfield code="p">Quel motivetto che mi piace tanto</subfield>
    <subfield code="9">18914</subfield>
  </datafield>
  <datafield tag="700" ind1=" " ind2=" ">
    <subfield code="a">Buzzacchi</subfield>
    <subfield code="d">Codice autore musica SPICS: 13585</subfield>
    <subfield code="e">Autore musica</subfield>
    <subfield code="p">Olandesina</subfield>
    <subfield code="9">18915</subfield>
  </datafield>
  <datafield tag="700" ind1=" " ind2=" ">
    <subfield code="a">Sciama</subfield>
    <subfield code="d">Codice autore testo/musica SPICS: 28402</subfield>
    <subfield code="e">Autore testo/musica</subfield>
    <subfield code="p">Olandesina</subfield>
    <subfield code="9">18916</subfield>
  </datafield>
  <datafield tag="700" ind1=" " ind2=" ">
    <subfield code="a">Guglielmetti</subfield>
    <subfield code="d">Codice autore testo/musica SPICS: 28403</subfield>
    <subfield code="e">Autore testo/musica</subfield>
    <subfield code="p">Ciondolo d'oro</subfield>
    <subfield code="9">18917</subfield>
  </datafield>
  <datafield tag="700" ind1=" " ind2=" ">
    <subfield code="a">Vitaliani</subfield>
    <subfield code="d">Codice autore testo/musica SPICS: 28404</subfield>
    <subfield code="e">Autore testo/musica</subfield>
    <subfield code="p">Fox trot della nostalgia</subfield>
    <subfield code="9">18918</subfield>
  </datafield>
  <datafield tag="700" ind1=" " ind2=" ">
    <subfield code="a">Di Lazzaro Eldo</subfield>
    <subfield code="d">Codice autore musica SPICS: 13500</subfield>
    <subfield code="e">Autore musica</subfield>
    <subfield code="p">Chitarra romana</subfield>
    <subfield code="9">18919</subfield>
  </datafield>
  <datafield tag="700" ind1=" " ind2=" ">
    <subfield code="a">Bruno C.</subfield>
    <subfield code="d">Codice autore testo/musica SPICS: 13502</subfield>
    <subfield code="e">Autore testo/musica</subfield>
    <subfield code="p">Chitarra romana</subfield>
    <subfield code="9">18920</subfield>
  </datafield>
  <datafield tag="700" ind1=" " ind2=" ">
    <subfield code="a">Bixio Cesare Andrea</subfield>
    <subfield code="d">Codice autore testo/musica SPICS: 13441</subfield>
    <subfield code="e">Autore testo/musica</subfield>
    <subfield code="p">Canta Pierrot</subfield>
    <subfield code="9">18921</subfield>
  </datafield>
  <datafield tag="700" ind1=" " ind2=" ">
    <subfield code="a">Kramer Gorni</subfield>
    <subfield code="d">Codice autore musica SPICS: 11552</subfield>
    <subfield code="e">Autore musica</subfield>
    <subfield code="p">Pippo non lo sa</subfield>
    <subfield code="9">18922</subfield>
  </datafield>
  <datafield tag="700" ind1=" " ind2=" ">
    <subfield code="a">Rastelli Nino</subfield>
    <subfield code="d">Codice autore testo/musica SPICS: 13482</subfield>
    <subfield code="e">Autore testo/musica</subfield>
    <subfield code="p">Pippo non lo sa</subfield>
    <subfield code="9">18923</subfield>
  </datafield>
  <datafield tag="942" ind1=" " ind2=" ">
    <subfield code="c">MD</subfield>
    <subfield code="2">ddc</subfield>
  </datafield>
  <datafield tag="952" ind1=" " ind2=" ">
    <subfield code="0">0</subfield>
    <subfield code="1">0</subfield>
    <subfield code="4">0</subfield>
    <subfield code="6">32946_000000000000000</subfield>
    <subfield code="7">1</subfield>
    <subfield code="a">SPICS</subfield>
    <subfield code="b">SPICS</subfield>
    <subfield code="d">2013-10-25</subfield>
    <subfield code="l">0</subfield>
    <subfield code="o">32946</subfield>
    <subfield code="r">2013-10-25 00:00:00</subfield>
    <subfield code="w">2013-10-25</subfield>
    <subfield code="y">MD</subfield>
    <subfield code="z">Progr. Ins.: 12202 / N.Vol.: 1 / Copie: 1 - Copia rara: n.d. / date import: 01.01.2014 - By Epidotti, Trombetti, Vaglietti</subfield>
  </datafield>
</record>
